| 000 -LEADER |
| fixed length control field |
00779nam a22002537a 4500 |
| 001 - CONTROL NUMBER |
| control field |
12823 |
| 003 - CONTROL NUMBER IDENTIFIER |
| control field |
BD-DhUAP |
| 005 - DATE AND TIME OF LATEST TRANSACTION |
| control field |
20201206103206.0 |
| 008 - FIXED-LENGTH DATA ELEMENTS--GENERAL INFORMATION |
| fixed length control field |
201126s2010 bana b 001 0 eng d |
| 040 ## - CATALOGING SOURCE |
| Original cataloging agency |
DNLM/DLC |
| Transcribing agency |
DLC |
| Modifying agency |
BD-DhUAP |
| Language of cataloging |
Eng |
| 082 00 - DEWEY DECIMAL CLASSIFICATION NUMBER |
| Edition number |
23 |
| Classification number |
612 AMI |
| 100 ## - MAIN ENTRY--PERSONAL NAME |
| Personal name |
Amin, Md. Ruhul. |
| 245 ## - TITLE STATEMENT |
| Title |
Physiology and biochemistry : |
| Remainder of title |
traditional laboratory methods & OSPE / |
| Statement of responsibility, etc. |
Md. Ruhul Amin ; edited by Selim Reza. |
| 250 ## - EDITION STATEMENT |
| Edition statement |
7th ed. |
| 260 ## - PUBLICATION, DISTRIBUTION, ETC. |
| Place of publication, distribution, etc. |
Dhaka : |
| Name of publisher, distributor, etc. |
Mediaplex, |
| Date of publication, distribution, etc. |
c2010. |
| 300 ## - PHYSICAL DESCRIPTION |
| Extent |
various pages : |
| Other physical details |
illustrations ; |
| Dimensions |
29 cm. |
| 500 ## - GENERAL NOTE |
| General note |
Laboratory manual for practical. |
| 504 ## - BIBLIOGRAPHY, ETC. NOTE |
| Bibliography, etc. note |
Includes index. |
| 650 #0 - SUBJECT ADDED ENTRY--TOPICAL TERM |
| Topical term or geographic name entry element |
Physiology. |
| 650 #0 - SUBJECT ADDED ENTRY--TOPICAL TERM |
| Topical term or geographic name entry element |
Biochemistry. |
| 700 ## - ADDED ENTRY--PERSONAL NAME |
| Personal name |
Reza, Selim. |
| 942 00 - ADDED ENTRY ELEMENTS (KOHA) |
| Koha issues (borrowed), all copies |
1 |
| Source of classification or shelving scheme |
|
| Koha item type |
Book |